Statistics for Champions League Regulars

Click here to take the quiz!

General Stats

  • This quiz has been taken 41 times
    (4 since last reset)
  • The average score is 34 of 42

Answer Stats

AppearancesCountryFootball Club% Correct
17ItalyAC Milan
100%
13NetherlandsAjax
100%
19EnglandArsenal
100%
11GermanyBayer Leverkusen
100%
21GermanyBayern Munich
100%
12PortugalBenfica
100%
7TurkeyBesiktas
100%
12GermanyBorussia Dortmund
100%
10ScotlandCeltic
100%
15EnglandChelsea
100%
16UkraineDynamo Kyiv
100%
22SpainFC Barcelona
100%
22PortugalFC Porto
100%
11ItalyInternazionale
100%
18ItalyJuventus
100%
10EnglandLiverpool
100%
21EnglandManchester United
100%
18GreeceOlympiacos
100%
14FranceOlympique Lyonnais
100%
22SpainReal Madrid
100%
7GermanySchalke 04
100%
10SpainValencia
100%
12BelgiumAnderlecht
67%
8FranceAS Monaco
67%
8SpainAtletico Madrid
67%
11RussiaCSKA Moscow
67%
8SwitzerlandFC Basel
67%
14TurkeyGalatasaray
67%
7EnglandManchester City
67%
9FranceMarseille
67%
10FranceParis Saint-Germain
67%
15NetherlandsPSV Eindhoven
67%
10ScotlandRangers
67%
10ItalyRoma
67%
12UkraineShakhtar Donetsk
67%
12RussiaSpartak Moscow
67%
7Czech RepublicSparta Prague
67%
8PortugalSporting CP
67%
9GreecePanathinaikos
33%
11NorwayRosenborg
33%
7RomaniaSteaua Bucuresti
33%
7GermanyWerder Bremen
33%

Score Distribution

Percentile by Number Answered

Percent of People with Each Score

Your Score History

You have not taken this quiz since the last reset